Практикум по электротехнике: учебное пособие

書目詳細資料
主要作者: Жарова Т. А. Татьяна Александровна
總結:По каждой теме в пособии приведены теоретические сведения и примеры решения типовых задач с помощью основных методов расчета электрических цепей. В конце каждой темы даны вопросы для закрепления материала. Для самоконтроля приведены тесты и задачи для самостоятельного решения. В приложении рассмотрен пример расчета электрической цепи переменного тока при смешанном соединении символическим методом с использованием математического пакета Mathcad. Для студентов неэлектротехнических специальностей вузов.
語言:俄语
出版: Москва, Высшая школа, 2009
叢編:Для высших учебных заведений
Электротехника
主題:
格式: 圖書
KOHA link:https://koha.lib.tpu.ru/cgi-bin/koha/opac-detail.pl?biblionumber=129106

MARC

LEADER 00000nam0a2200000 4500
001 129106
005 20231101220144.0
010 |a 9785060057379 
035 |a (RuTPU)RU\TPU\book\139703 
090 |a 129106 
100 |a 20080118d2009 m y0rusy50 ca 
101 0 |a rus 
102 |a RU 
105 |a a j 001zy 
200 1 |a Практикум по электротехнике  |e учебное пособие  |f Т. А. Жарова 
210 |a Москва  |c Высшая школа  |d 2009 
215 |a 127 с.  |c ил. 
225 1 |a Для высших учебных заведений 
225 1 |a Электротехника 
320 |a Список литературы: с. 97. 
330 |a По каждой теме в пособии приведены теоретические сведения и примеры решения типовых задач с помощью основных методов расчета электрических цепей. В конце каждой темы даны вопросы для закрепления материала. Для самоконтроля приведены тесты и задачи для самостоятельного решения. В приложении рассмотрен пример расчета электрической цепи переменного тока при смешанном соединении символическим методом с использованием математического пакета Mathcad. Для студентов неэлектротехнических специальностей вузов. 
606 1 |a Электротехника общая  |2 stltpush  |3 (RuTPU)RU\TPU\subj\20906  |9 45967 
610 1 |a линейные электрические цепи 
610 1 |a электрические цепи переменного тока 
610 1 |a электрические цепи постоянного тока 
610 1 |a трехфазные цепи 
610 1 |a типовые задачи 
610 1 |a математические пакеты 
610 1 |a MathCAD 
610 1 |a практикумы 
610 1 |a учебные пособия 
610 1 |a электроника 
675 |a 621.3(076)  |v 3 
700 1 |a Жарова  |b Т. А.  |g Татьяна Александровна 
801 1 |a RU  |b 63413507  |c 20080118  |g PSBO 
801 2 |a RU  |b 63413507  |c 20201201  |g PSBO 
900 |a Электротехника 
900 |a Электротехника и электроника 
942 |c BK 
951 |a 550000  |b 290000 
959 |a 3/20080118  |d 1  |e 0  |f ЧЗТЛ:1